Missing Word: 1990s Movies 'P' Quiz Stats

 Plays Quiz Updated Aug 29, 2016

Score 0/26 Timer 03:00
0 Plays Today
Hint Answer % Correct
Jurassic ____Park
99.9%
Saving ____ RyanPrivate
97.9%
Hocus ____Pocus
97.8%
____ FictionPulp
97.5%
Blast from the ____Past
96.5%
The Blair Witch ____Project
96.1%
The ____ TrapParent
95.9%
Austin ____: International Man of Mystery Powers
95.8%
James and the Giant ____Peach
95.5%
The English ____Patient
87.8%
The ____ vs. Larry FlyntPeople
85.4%
American ____Pie
84.3%
____ AdamsPatch
82.3%
Hint Answer % Correct
Indecent ____Proposal
81.2%
____ BreakPoint
81.2%
Lake ____Placid
74.2%
Dante's ____Peak
71%
____ GamesPatriot
69%
Léon: The ____Professional
52.8%
____ ColorsPrimary
52.6%
____ PerfectPicture
51.8%
The Adventures of ____, Queen of the Desert Priscilla
49.8%
The Hudsucker ____Proxy
48.1%
____ MononokePrincess
46.8%
____ ChildProblem
42.9%
The ____ WifePreacher's
22.1%

Today's Daily Dose

Missing Word
Alaska A-Z

Quick Pick
A-Ology

Get the Picture
Which Movie Star? IV

You're not logged in!

Compare scores with friends on all Sporcle quizzes.
OR
Log In

Show Comments

Extras

Top Quizzes Today


Score Distribution

Your Account Isn't Verified!

In order to create a playlist on Sporcle, you need to verify the email address you used during registration. Go to your Sporcle Settings to finish the process.

Report this User

Report this user for behavior that violates our Community Guidelines.

Details: